|
|
|
|
| LEADER |
02197nam a22004695i 4500 |
| 001 |
978-3-642-14670-1 |
| 003 |
DE-He213 |
| 005 |
20151111051051.0 |
| 007 |
cr nn 008mamaa |
| 008 |
110103s2011 gw | s |||| 0|eng d |
| 020 |
|
|
|a 9783642146701
|9 978-3-642-14670-1
|
| 024 |
7 |
|
|a 10.1007/978-3-642-14670-1
|2 doi
|
| 040 |
|
|
|d GrThAP
|
| 050 |
|
4 |
|a QD505
|
| 072 |
|
7 |
|a PNRD
|2 bicssc
|
| 072 |
|
7 |
|a SCI013060
|2 bisacsh
|
| 082 |
0 |
4 |
|a 541.395
|2 23
|
| 245 |
1 |
0 |
|a Iron Catalysis
|h [electronic resource] :
|b Fundamentals and Applications /
|c edited by Bernd Plietker.
|
| 264 |
|
1 |
|a Berlin, Heidelberg :
|b Springer Berlin Heidelberg,
|c 2011.
|
| 300 |
|
|
|a XII, 220 p.
|b online resource.
|
| 336 |
|
|
|a text
|b txt
|2 rdacontent
|
| 337 |
|
|
|a computer
|b c
|2 rdamedia
|
| 338 |
|
|
|a online resource
|b cr
|2 rdacarrier
|
| 347 |
|
|
|a text file
|b PDF
|2 rda
|
| 490 |
1 |
|
|a Topics in Organometallic Chemistry,
|x 1436-6002 ;
|v 33
|
| 520 |
|
|
|a Juan I. Padrón and Víctor S. Martín: Catalysis by means of Fe-based Lewis acids; Hiroshi Nakazawa*, Masumi Itazaki: Fe–H Complexes in Catalysis; Kristin Schröder, Kathrin Junge, Bianca Bitterlich, and Matthias Beller: Fe-catalyzed Oxidation Reactions of Olefins, Alkanes and Alcohols: Involvement of Oxo- and Peroxo Complexes; Chi-Ming Che, Cong-Ying Zhou, Ella Lai-Ming Wong: Catalysis by Fe=X Complexes (X=NR, CR2); René Peters, Daniel F. Fischer and Sascha Jautze: Ferrocene and Half Sandwich Complexes as Catalysts with Iron Participation; Markus Jegelka, Bernd Plietker: Catalysis by Means of Complex Ferrates.
|
| 650 |
|
0 |
|a Chemistry.
|
| 650 |
|
0 |
|a Organic chemistry.
|
| 650 |
|
0 |
|a Organometallic chemistry.
|
| 650 |
|
0 |
|a Catalysis.
|
| 650 |
1 |
4 |
|a Chemistry.
|
| 650 |
2 |
4 |
|a Catalysis.
|
| 650 |
2 |
4 |
|a Organometallic Chemistry.
|
| 650 |
2 |
4 |
|a Organic Chemistry.
|
| 700 |
1 |
|
|a Plietker, Bernd.
|e editor.
|
| 710 |
2 |
|
|a SpringerLink (Online service)
|
| 773 |
0 |
|
|t Springer eBooks
|
| 776 |
0 |
8 |
|i Printed edition:
|z 9783642146695
|
| 830 |
|
0 |
|a Topics in Organometallic Chemistry,
|x 1436-6002 ;
|v 33
|
| 856 |
4 |
0 |
|u http://dx.doi.org/10.1007/978-3-642-14670-1
|z Full Text via HEAL-Link
|
| 912 |
|
|
|a ZDB-2-CMS
|
| 950 |
|
|
|a Chemistry and Materials Science (Springer-11644)
|